<?xml version="1.0" encoding="UTF-8"?>
<record
    xmlns:xsi="http://www.w3.org/2001/XMLSchema-instance"
    xsi:schemaLocation="http://www.loc.gov/MARC21/slim http://www.loc.gov/standards/marcxml/schema/MARC21slim.xsd"
    xmlns="http://www.loc.gov/MARC21/slim">

  <leader>00256nam a22000977a 4500</leader>
  <controlfield tag="008">230418b        |||||||| |||| 00| 0 eng d</controlfield>
  <datafield tag="040" ind1=" " ind2=" ">
    <subfield code="a">National Science Library</subfield>
    <subfield code="c">National Science Library</subfield>
  </datafield>
  <datafield tag="245" ind1=" " ind2=" ">
    <subfield code="a">Leather markets</subfield>
  </datafield>
  <datafield tag="260" ind1=" " ind2=" ">
    <subfield code="a">India: </subfield>
    <subfield code="c">1992</subfield>
  </datafield>
  <datafield tag="942" ind1=" " ind2=" ">
    <subfield code="c">CR</subfield>
  </datafield>
  <datafield tag="999" ind1=" " ind2=" ">
    <subfield code="c">20751</subfield>
    <subfield code="d">20751</subfield>
  </datafield>
  <datafield tag="952" ind1=" " ind2=" ">
    <subfield code="0">0</subfield>
    <subfield code="1">0</subfield>
    <subfield code="3">Vol. 21-22 (2,4,6-10), 1992-93</subfield>
    <subfield code="4">0</subfield>
    <subfield code="7">0</subfield>
    <subfield code="9">30475</subfield>
    <subfield code="a">NSL</subfield>
    <subfield code="b">NSL</subfield>
    <subfield code="c">FF/Rk-17/C-6/R-1</subfield>
    <subfield code="d">2000-05-24</subfield>
    <subfield code="l">0</subfield>
    <subfield code="p">145139</subfield>
    <subfield code="r">2023-04-18 00:00:00</subfield>
    <subfield code="w">2000-05-24</subfield>
    <subfield code="y">CR</subfield>
  </datafield>
  <datafield tag="952" ind1=" " ind2=" ">
    <subfield code="0">0</subfield>
    <subfield code="1">0</subfield>
    <subfield code="3">Vol. 25 (1,3,5,8,11), 1996</subfield>
    <subfield code="4">0</subfield>
    <subfield code="7">0</subfield>
    <subfield code="9">30476</subfield>
    <subfield code="a">NSL</subfield>
    <subfield code="b">NSL</subfield>
    <subfield code="c">FF/Rk-17/C-6/R-1</subfield>
    <subfield code="d">2000-05-25</subfield>
    <subfield code="l">0</subfield>
    <subfield code="p">145141</subfield>
    <subfield code="r">2023-04-18 00:00:00</subfield>
    <subfield code="w">2000-05-25</subfield>
    <subfield code="y">CR</subfield>
  </datafield>
  <datafield tag="952" ind1=" " ind2=" ">
    <subfield code="0">0</subfield>
    <subfield code="1">0</subfield>
    <subfield code="3">Vol. 25 (1,3-5,8,11), 1996</subfield>
    <subfield code="4">0</subfield>
    <subfield code="7">0</subfield>
    <subfield code="9">30479</subfield>
    <subfield code="a">NSL</subfield>
    <subfield code="b">NSL</subfield>
    <subfield code="c">FF/Rk-17/C-6/R-1</subfield>
    <subfield code="d">2000-05-24</subfield>
    <subfield code="l">0</subfield>
    <subfield code="p">145142</subfield>
    <subfield code="r">2023-04-18 00:00:00</subfield>
    <subfield code="w">2000-05-24</subfield>
    <subfield code="y">CR</subfield>
  </datafield>
  <datafield tag="952" ind1=" " ind2=" ">
    <subfield code="0">0</subfield>
    <subfield code="1">0</subfield>
    <subfield code="3">Vol. 28 (1-12), 1998</subfield>
    <subfield code="4">0</subfield>
    <subfield code="7">0</subfield>
    <subfield code="9">30481</subfield>
    <subfield code="a">NSL</subfield>
    <subfield code="b">NSL</subfield>
    <subfield code="c">FF/Rk-17/C-6/R-1</subfield>
    <subfield code="d">2000-05-24</subfield>
    <subfield code="l">0</subfield>
    <subfield code="p">145144</subfield>
    <subfield code="r">2023-04-18 00:00:00</subfield>
    <subfield code="w">2000-05-24</subfield>
    <subfield code="y">CR</subfield>
  </datafield>
  <datafield tag="952" ind1=" " ind2=" ">
    <subfield code="0">0</subfield>
    <subfield code="1">0</subfield>
    <subfield code="3">Vol. 28 (9-12), 1997</subfield>
    <subfield code="4">0</subfield>
    <subfield code="7">0</subfield>
    <subfield code="9">30482</subfield>
    <subfield code="a">NSL</subfield>
    <subfield code="b">NSL</subfield>
    <subfield code="c">FF/Rk-17/C-6/R-1</subfield>
    <subfield code="d">2000-05-24</subfield>
    <subfield code="l">0</subfield>
    <subfield code="p">145143</subfield>
    <subfield code="r">2023-04-18 00:00:00</subfield>
    <subfield code="w">2000-05-24</subfield>
    <subfield code="y">CR</subfield>
  </datafield>
  <datafield tag="952" ind1=" " ind2=" ">
    <subfield code="0">0</subfield>
    <subfield code="1">0</subfield>
    <subfield code="3">Vol. 23, 1994</subfield>
    <subfield code="4">0</subfield>
    <subfield code="7">0</subfield>
    <subfield code="9">30483</subfield>
    <subfield code="a">NSL</subfield>
    <subfield code="b">NSL</subfield>
    <subfield code="c">FF/Rk-17/C-6/R-1</subfield>
    <subfield code="d">2000-05-24</subfield>
    <subfield code="l">0</subfield>
    <subfield code="p">145140</subfield>
    <subfield code="r">2023-04-18 00:00:00</subfield>
    <subfield code="w">2000-05-24</subfield>
    <subfield code="y">CR</subfield>
  </datafield>
</record>
